[Event "Armageddon Asia&Oceania W"]
[Site "Berlin GER"]
[Date "2023.04.09"]
[Round "5.2"]
[White "Gukesh, D."]
[Black "Abdusattorov, Nodirbek"]
[Result "1-0"]
[WhiteElo "2730"]
[BlackElo "2731"]
[PlyCount "61"]
[EventDate "2023.04.04"]
[EventType "k.o."]

1. Nf3 d5 2. g3 Nf6 3. Bg2 e6 4. O-O c5 5. c4 d4 6. e3 Nc6 7. exd4 cxd4 8. d3 Bd6 9. Bg5 h6 10. Bxf6 Qxf6 11. Nbd2 Qe7 12. a3 a5 13. Ne4 Bc7 14. c5 ({RR} 14. b4 axb4 15. axb4 Rxa1 16. Qxa1 Qxb4 17. Rb1 Qe7 18. Nxd4 Nxd4 19. Qxd4 O-O 20. Nc3 Rd8 21. Qe3 Ba5 22. Nb5 b6 23. d4 Ba6 24. d5 Qf6 25. dxe6 Qxe6 26. Bd5 Qxe3 27. fxe3 Bxb5 28. Rxb5 h5 {Nakamura,H (2792)-Fedoseev,V (2731) Tbilisi 2017 ½-½}) ({RR} 14. b4 axb4 15. axb4 Rxa1 16. Qxa1 Qxb4 17. Nxd4 O-O 18. Rb1 Qe7 19. Nxc6 bxc6 20. Qa7 Rd8 21. Rb3 Kf8 22. Bf3 Be5 23. Qa5 Bd4 24. Rb8 c5 25. Qa8 Qc7 26. Nd2 Be5 27. Rb3 Bd7 28. Qa6 Rb8 {Salimiyan,B (2233)-Plyasunov,D (2300) chess.com INT 2025 1-0 (95)}) ({RR} 14. b4 axb4 15. axb4 Rxa1 16. Qxa1 Qxb4 17. Nxd4 Nxd4 18. Rb1 Nc2 19. Qa2 Qa3 20. Qxc2 O-O 21. d4 b6 22. d5 Rd8 23. h4 Qe7 24. Nc3 Qc5 25. Qe2 exd5 26. Bxd5 Bf5 27. Rb5 Qf8 28. Qf3 Be6 {Gukesh,D (2730)-Abdusattorov,N (2731) Berlin GER 2023 ½-½ (54)}) 14... O-O 15. Rc1 e5 16. Nfd2 $146 ({RR} 16. Qe2 Re8 17. h3 f5 18. Ned2 e4 19. dxe4 fxe4 20. Nh4 e3 21. Ne4 Be6 22. fxe3 Qd7 23. Kh2 d3 24. Qh5 Bf7 25. Ng6 Ne5 26. Nxe5 Rxe5 27. Qh4 Rae8 28. Rcd1 Bg6 29. Nd6 Bxd6 30. cxd6 Qxd6 {Da Rosa,H (1757)-Mendes Domingues,R (2195) Florianopolis 2021 0-1 (40)}) 16... Be6 17. Nc4 Rab8 18. Re1 Qd7 19. Ned6 b5 20. Bxc6 Qxc6 21. Nxe5 Qd5 22. Qf3 Rfd8 23. Qxd5 Bxd5 24. Nf5 Kf8 25. Nxd4 Bxe5 26. Rxe5 Ba8 27. Nf5 Rbc8 28. Rce1 f6 29. Re7 Rxd3 30. Nd6 Rxc5 31. Re8# 1-0

[Event "Armageddon Asia&Oceania L"]
[Site "Berlin GER"]
[Date "2023.04.05"]
[Round "1.3"]
[White "Vidit, S."]
[Black "Yu Yangyi"]
[Result "1-0"]
[WhiteElo "2731"]
[BlackElo "2729"]
[PlyCount "119"]
[EventDate "2023.04.05"]
[EventType "k.o."]

1. Nf3 d5 2. g3 Nf6 3. Bg2 e6 4. O-O Be7 5. d4 O-O 6. c4 dxc4 7. Qc2 a6 8. a4 Bd7 9. Qxc4 Bc6 10. Bg5 Nbd7 11. Rd1 h6 12. Bxf6 Nxf6 13. Nc3 a5 14. e3 Bxf3 15. Bxf3 c6 16. h4 Bb4 17. h5 Qe7 $146 ({RR} 17... Nd5 18. Kg2 Qe7 19. Rac1 Rfd8 20. Qe2 Nf6 21. Ne4 Rac8 22. Nxf6+ Qxf6 23. Be4 Rc7 24. Rd3 Rdc8 25. b3 b5 26. Rdd1 bxa4 27. bxa4 c5 28. d5 c4 29. dxe6 fxe6 30. Rd4 c3 31. Bc2 Rd8 32. Rcd1 {Duda,J (2734)-Shirov,A (2668) chess.com INT 2024 1-0 (46)}) 18. Na2 Bd6 19. Nc1 e5 20. dxe5 Bxe5 21. Nd3 Rfd8 22. Qb3 Bd6 23. Kg2 Rd7 24. Rac1 Rad8 25. Rc2 Ne4 26. Qc4 Nf6 27. Rcc1 Be5 28. Be2 Nd5 29. Bg4 Rd6 30. Nc5 Bxb2 31. Rb1 Nb6 32. Qe4 Qxe4+ 33. Nxe4 Rxd1 34. Bxd1 Nc4 35. Be2 Re8 36. Nc5 Ba3 37. Nxb7 Nd2 38. Rb6 c5 39. Nxa5 Ra8 40. Nc6 Rxa4 41. Rb8+ Kh7 42. Bd3+ g6 43. hxg6+ fxg6 44. Rb7+ Kg8 45. Bxg6 c4 46. Rc7 Ra6 47. Bf7+ Kf8 48. Bd5 Bd6 49. Rc8+ Kg7 50. Nd4 Be5 51. Nf5+ Kf6 52. e4 c3 53. f4 Ra3 54. fxe5+ Kxe5 55. Re8+ Kf6 56. Re6+ Kg5 57. Nh4 c2 58. Rg6+ Kh5 59. Rc6 Ra2 60. Bxa2 1-0

[Event "Chessable Masters Div 2 L"]
[Site "chess.com INT"]
[Date "2023.04.03"]
[Round "2.3"]
[White "Praggnanandhaa, R."]
[Black "Dubov, Daniil"]
[Result "1-0"]
[WhiteElo "2688"]
[BlackElo "2708"]
[PlyCount "75"]
[EventDate "2023.04.04"]
[EventType "k.o."]

1. Nf3 d5 2. g3 g6 3. c4 c6 4. Qa4 dxc4 5. Qxc4 Bg7 6. d3 Nf6 7. Bg2 O-O 8. Nc3 Na6 9. O-O Nc7 10. Qh4 h5 $146 ({RR} 10... Re8 11. Bh6 e5 12. Rfd1 Bxh6 13. Qxh6 Ng4 14. Qc1 f5 15. e4 Qe7 16. Re1 fxe4 17. Nxe4 Nd5 18. d4 Bf5 19. h3 Bxe4 20. Rxe4 Ngf6 21. Rxe5 Qb4 22. a3 Qb3 23. Qd2 Nd7 24. Ree1 N7f6 25. Ne5 {Kokarev,D (2612)-Shyam,S (2372) Mumbai 2010 1-0 (51)}) 11. h3 Ncd5 12. Bd2 a5 13. Rad1 Be6 14. Na4 Nb6 15. Nc5 Bc8 16. Bc3 Nbd7 17. Ne4 Nxe4 18. dxe4 e6 19. Ng5 e5 20. g4 Bf6 21. f4 exf4 22. Bxf6 Qxf6 23. gxh5 Qh8 24. h6 Qxb2 25. Rxf4 Ne5 26. h7+ Kh8 27. Rxf7 Bd7 28. Rfxd7 Nxd7 29. Rxd7 Qxa2 30. Qg3 Qa1+ 31. Kh2 Qf6 32. e5 Qf4 33. Qxf4 Rxf4 34. e6 Rff8 35. e7 Rfe8 36. Be4 Kg7 37. Ne6+ Kxh7 38. Nc7 1-0

[Event "Chessable Masters Div 2 L"]
[Site "chess.com INT"]
[Date "2023.04.04"]
[Round "3.3"]
[White "Giri, A."]
[Black "Praggnanandhaa, R."]
[Result "1-0"]
[WhiteElo "2768"]
[BlackElo "2688"]
[PlyCount "91"]
[EventDate "2023.04.04"]
[EventType "k.o."]

1. Nf3 Nf6 2. g3 c5 3. Bg2 Nc6 4. O-O e5 5. e4 Be7 6. d3 d5 7. exd5 Nxd5 8. Re1 f6 9. c3 Bg4 ({RR} 9... Nc7 10. d4 cxd4 11. cxd4 Bg4 12. Qb3 Bxf3 13. Qxf3 Nxd4 14. Qxb7 O-O 15. Qe4 Rc8 16. Nc3 Kh8 17. Be3 Nce6 18. Rad1 Bc5 19. Qd5 Rb8 20. Qxd8 Rfxd8 21. Na4 Bb4 22. Rf1 g6 23. Kh1 Kg7 24. h4 {Grischuk,A (2742)-Vidit,S (2723) Chess.com INT 2022 ½-½ (80)}) ({RR} 9... O-O 10. d4 cxd4 11. cxd4 Bg4 12. Qb3 Kh8 13. dxe5 fxe5 14. Nxe5 Nxe5 15. Rxe5 Nb6 16. Nc3 Bd6 17. Re1 Bf3 18. Be3 Bxg2 19. Kxg2 Qf6 20. Rad1 Qf3+ 21. Kg1 Rad8 22. Nb5 Bb8 23. Bxb6 Qxb3 24. axb3 {Herman,D (1925)-Gavilan Diaz,M (2259) chess.com INT 2024 1-0 (51)}) 10. h3 $146 ({RR} 10. Qb3 Nb6 11. Qc2 Rc8 12. Nbd2 O-O 13. a4 Qd7 14. a5 Nd5 15. Qa4 Nc7 16. d4 cxd4 17. cxd4 exd4 18. Nxd4 Qxd4 19. Bxc6 Qxa4 20. Rxa4 bxc6 21. Rxg4 Nd5 22. Rc4 Bb4 23. a6 Rfe8 24. Rxe8+ Rxe8 {Pap,A (2080)-Nagy,A (2124) Eger 2017 ½-½ (41)}) 10... Bh5 11. a4 O-O 12. Nbd2 Qd7 13. Nxe5 Nxe5 14. Qxh5 Rad8 15. Nc4 Nc6 16. a5 f5 17. Qf3 Bf6 18. h4 Nde7 19. Bf4 Qxd3 20. Qxd3 Rxd3 21. Nd6 Ng6 22. Nxb7 Nxf4 23. Bxc6 Ng6 24. Rad1 Ne5 25. Bd5+ Kh8 26. Nxc5 Rxd1 27. Rxd1 Rd8 28. Ne6 Rd6 29. Nf4 g5 30. hxg5 Bxg5 31. Rd4 Ng6 32. Ne6 Bf6 33. Rb4 h5 34. c4 Ne7 35. Rb8+ Kh7 36. Rb7 a6 37. Rb6 Rxb6 38. axb6 Bxb2 39. b7 Be5 40. Nf8+ Kg7 41. Nd7 Bc7 42. b8=Q Bxb8 43. Nxb8 a5 44. Nc6 Nxd5 45. cxd5 a4 46. f4 1-0

[Event "Titled Tue 4th Apr Early"]
[Site "chess.com INT"]
[Date "2023.04.04"]
[Round "5"]
[White "Mamedov, Rau"]
[Black "Lenderman, A."]
[Result "1-0"]
[WhiteElo "2646"]
[BlackElo "2572"]
[PlyCount "97"]
[EventDate "2023.04.04"]

1. Nf3 b6 2. e4 Bb7 3. Nc3 e6 4. d4 Bb4 5. Bd3 d5 6. exd5 Qxd5 ({RR} 6... Bxd5 7. O-O Bxc3 8. bxc3 Nd7 9. Re1 Bb7 10. a4 Ne7 11. Ng5 Nf6 12. Qe2 Qd5 13. f3 Qd7 14. Ba3 Ned5 15. Qd2 h6 16. Ne4 Kd8 17. Reb1 Nxe4 18. fxe4 Nf6 19. Re1 a5 20. e5 Nd5 21. c4 {Walther,R (1987)-Ganslmayer,A (1820) Rottach-Egern GER 2025 1-0 (31)}) 7. O-O Bxc3 8. bxc3 Ne7 9. Re1 $146 ({RR} 9. a4 Nbc6 10. Re1 h6 11. Ba3 O-O 12. Bxe7 Nxe7 13. Be4 Qxe4 14. Rxe4 Bxe4 15. Qe2 Bb7 16. a5 Rfd8 17. axb6 axb6 18. Rxa8 Rxa8 19. Qc4 Ra1+ 20. Qf1 Rxf1+ 21. Kxf1 Bxf3 22. gxf3 Nd5 23. c4 Nb4 {Bakr,H (1788)-Osinovsky,S (2241) Chess.com INT 2015 0-1 (33)}) 9... Qh5 10. Be2 Qa5 11. c4 O-O 12. a4 Rd8 13. Ne5 Qc3 14. Ra3 Qb4 15. Bd3 Ng6 16. Rb3 Qd6 17. Qh5 Nd7 18. Bg5 Rf8 19. Nxg6 hxg6 20. Qh4 Rfe8 21. c5 Nxc5 22. dxc5 Qxc5 23. Bb5 Qd5 24. Bf1 f6 25. Bc1 Rad8 26. Rd3 Qf5 27. h3 Kf7 28. Qc4 c5 29. a5 Bc6 30. axb6 axb6 31. Qa6 Rxd3 32. Bxd3 Qd5 33. Be4 Qd7 34. Bxc6 Qxc6 35. Rd1 Ra8 36. Qd3 Ra7 37. Bf4 g5 38. Be3 b5 39. Qh7 Rb7 40. h4 Rd7 41. Qh5+ Ke7 42. Rxd7+ Qxd7 43. Bxc5+ Kd8 44. hxg5 f5 45. g6 Kc8 46. Be3 Kb7 47. Qf3+ Ka6 48. Qa8+ Qa7 49. Qxa7# 1-0

[Event "Titled Tue 4th Apr Late"]
[Site "chess.com INT"]
[Date "2023.04.04"]
[Round "6"]
[White "Bachmann, Ax"]
[Black "Gadimbayli, Abdulla"]
[Result "1-0"]
[WhiteElo "2604"]
[BlackElo "2500"]
[PlyCount "53"]
[EventDate "2023.04.04"]

1. Nf3 d5 2. e3 Nf6 3. c4 c6 4. Nc3 e6 5. b3 b6 6. Bb2 Bb7 ({RR} 6... Nbd7 7. cxd5 exd5 8. d4 Bb7 9. Bd3 Bd6 10. O-O O-O 11. Rc1 Re8 12. Qc2 g6 13. Rfe1 a6 14. e4 dxe4 15. Nxe4 Nxe4 16. Bxe4 Nf6 17. Bd3 Rxe1+ 18. Rxe1 Nd5 19. Ne5 Bxe5 20. Rxe5 Nb4 21. Qd2 {Zhu,J (2514)-Gyenes,M (2218) chess.com INT 2024 0-1 (31)}) 7. Rc1 $146 ({RR} 7. d4 Nbd7 8. Bd3 Bd6 9. O-O O-O 10. Qc2 dxc4 11. bxc4 c5 12. d5 exd5 13. Nxd5 h6 14. e4 Nxd5 15. cxd5 Re8 16. Bb5 a6 17. Bxd7 Qxd7 18. Rad1 Rad8 19. Rfe1 Bf8 20. h3 b5 21. Nh4 b4 {Keymer,V (2591)-Pultinevicius,P (2492) Chess.com INT 2021 1-0}) ({RR} 7. g3 Nbd7 8. Bg2 Bd6 9. d4 O-O 10. O-O h6 11. Rc1 Qe7 12. Nd2 Rfd8 13. e4 dxe4 14. Ndxe4 Ba3 15. Bxa3 Qxa3 16. Qe2 a5 17. Rfd1 Qe7 18. Nxf6+ Nxf6 19. Na4 Nd7 20. d5 cxd5 21. cxd5 Qf6 {Kramnik,V (2791)-Grachev,B (2654) Moscow 2010 1-0 (31)}) 7... a6 8. d4 Nbd7 9. Bd3 Be7 10. O-O O-O 11. Qe2 dxc4 12. bxc4 c5 13. Rfd1 cxd4 14. exd4 Bb4 15. Ne4 Qe7 16. c5 bxc5 17. dxc5 Bxe4 18. Bxe4 Nxe4 19. Qxe4 Bxc5 20. Ne5 Nf6 21. Qf3 Rac8 22. Nc6 Qb7 23. Rxc5 Qxb2 24. Ne7+ Kh8 25. Rxc8 Rxc8 26. Nxc8 Nd5 27. Qxf7 1-0

[Event "Titled Tue 4th Apr Late"]
[Site "chess.com INT"]
[Date "2023.04.04"]
[Round "11"]
[White "Andreikin, D."]
[Black "Alekseenko, K."]
[Result "1-0"]
[WhiteElo "2729"]
[BlackElo "2686"]
[PlyCount "65"]
[EventDate "2023.04.04"]

1. Nf3 {Petursson,Margeir} d5 2. c4 d4 3. Na3 $146 ({RR} 3. b4 b6 4. Bb2 c5 5. d3 Qc7 6. g3 e5 7. Bg2 Bb7 8. O-O Bd6 9. e3 Ne7 10. exd4 exd4 11. Nbd2 O-O 12. Ne4 Nd7 13. Re1 Ng6 14. bxc5 bxc5 15. Ba3 Rfe8 16. Nxd4 Bxg3 17. hxg3 cxd4 {Thorvaldsson,J-Halldorsson,B Iceland 1973 ½-½ (37)}) ({RR} 3. b4 e6 4. Bb2 c5 5. g3 Nh6 6. Ne5 Qc7 7. Qa4+ Nd7 8. Nd3 b5 9. Qxb5 Bb7 10. Rg1 cxb4 11. Ne5 Rd8 12. Nxd7 Rxd7 13. Bxd4 a6 14. Qe5 Qxc4 15. Bb2 Be7 16. Qb8+ ({RR} 16. Qxg7 Rg8 17. Qxh6 ({RR} 17. Qe5 Qc2 18. Bh3 Rd5 19. Qb8+ Bd8) ({RR} 17. Qxh7 Be4 18. Qxh6 Qc2) 17... Qc2) 16... Rd8 17. Qxb7 Qc2 {Spangenberg,H (2505)-Granda Zuniga,J (2600) Buenos Aires 1996 CBM 053 [Petursson,Margeir] 0-1}) ({RR} 3. b4 e6 4. Bb2 c5 5. bxc5 Nc6 6. e3 Bxc5 7. Qb3 e5 8. exd4 exd4 9. Be2 Nge7 10. O-O O-O 11. d3 Ng6 12. Re1 Nf4 13. Bf1 b6 14. Nbd2 Bg4 15. Re4 Qd6 16. g3 Nh3+ 17. Bxh3 Bxh3 {Krejci,J (2117)-Vechet,S (2182) Czech Republic 2009 0-1 (36)}) 3... Nc6 4. g3 e5 5. d3 Bb4+ 6. Nd2 a5 7. Bg2 Nf6 8. O-O O-O 9. Nc2 Bd6 10. b3 Re8 11. Bb2 Bf5 12. Re1 Qd7 13. a3 Bf8 14. Nf3 h6 15. Qd2 Qd6 16. Red1 Bh7 17. Rab1 Rad8 18. b4 axb4 19. axb4 Nxb4 20. Ba3 c5 21. Nxb4 cxb4 22. Bxb4 Qc7 23. Ba5 Qe7 24. Bxd8 Rxd8 25. Qa5 e4 26. Ne1 Ng4 27. Bxe4 Bxe4 28. dxe4 Qxe4 29. Qxd8 Qxe2 30. Qxd4 Ne5 31. Qd5 Qh5 32. Kg2 Qf5 33. Nf3 1-0

[Event "80th PGNig ch-POL 2023"]
[Site "Warsaw POL"]
[Date "2023.04.15"]
[Round "2.4"]
[White "Gumularz, Szymon"]
[Black "Bartel, Mat"]
[Result "1-0"]
[WhiteElo "2580"]
[BlackElo "2605"]
[PlyCount "53"]
[EventDate "2023.04.12"]
[EventType "k.o."]

1. Nf3 d5 2. e3 c6 3. c4 Bf5 4. cxd5 cxd5 5. Nc3 e6 6. Bb5+ Nc6 7. Qa4 Nge7 8. Nd4 Qb6 $146 ({RR} 8... Qd7 9. b3 Rc8 10. Ba3 a6 11. Bxc6 Nxc6 12. Nxf5 exf5 13. Bxf8 Kxf8 14. O-O g6 15. Ne2 Kg7 16. Rac1 Qd6 17. d4 Na7 18. Qa5 Rxc1 19. Rxc1 Rc8 20. Rxc8 Nxc8 21. h3 Ne7 22. Qc5 Qd7 23. Nf4 {Bocharov,D (2577)-Sakaev,K (2594) St Petersburg 2015 1-0 (56)}) 9. b3 Kd8 10. Bxc6 bxc6 11. Ba3 c5 12. Nxf5 Nxf5 13. O-O Bd6 14. Rac1 Ke7 15. e4 dxe4 16. Qxe4 Qa6 17. Nd5+ Kd7 18. Bxc5 Rac8 19. Nb4 Qa5 20. d4 Bb8 21. Nd3 Rhd8 22. d5 g6 23. dxe6+ Ke8 24. Bb4 Qa6 25. Nc5 Qc6 26. Nd7 Qxe4 27. Nf6# 1-0

[Event "St Louis Spring B"]
[Site "Saint Louis USA"]
[Date "2023.04.10"]
[Round "6.1"]
[White "Mikhalevski, V."]
[Black "Daggupati, Balaji"]
[Result "1-0"]
[WhiteElo "2515"]
[BlackElo "2505"]
[PlyCount "65"]
[EventDate "2023.04.05"]

1. Nf3 d5 2. g3 Bg4 3. Bg2 c6 4. h3 Bxf3 5. Bxf3 e5 6. d3 Nf6 7. O-O Bc5 8. e4 dxe4 9. dxe4 Nbd7 10. a4 a5 11. Nd2 O-O ({RR} 11... Qe7 12. Bg2 h5 13. Nb3 Bb6 14. Bg5 Nf8 15. Qf3 Ne6 16. Bxf6 Qxf6 17. Qxf6 gxf6 18. h4 {½-½ (18) Galperin,P (2495)-Vagman,R (2289) Rishon LeZion ISR 2025}) 12. Qe2 Qe7 13. Nc4 Rfd8 14. Bg5 $146 ({RR} 14. Bd2 Qe6 15. Kg2 Bb4 16. Be3 Bc5 17. Bd2 Bb4 18. Rfd1 Qe7 19. Be3 Bc5 20. Bxc5 Nxc5 21. Rxd8+ Rxd8 22. Nxa5 Rd4 23. Nc4 Qe6 24. Rd1 Nxa4 25. c3 Rxd1 26. Qxd1 b5 27. Qd8+ Qe8 28. Qxe8+ Nxe8 {Ivanov,M (2374)-Song,E (2208) Toronto CAN 2024 ½-½ (70)}) 14... Nf8 15. Ne3 h6 16. Nf5 Qe6 17. Bc1 Qd7 18. Bg4 Ne6 19. Qf3 Nd4 20. Nxh6+ Kf8 21. Qxf6 gxf6 22. Bxd7 Nxc2 23. Bxc6 bxc6 24. Rb1 Rd4 25. Ng4 Bb6 26. Bh6+ Ke7 27. Rbc1 Rc4 28. Rfd1 Rc5 29. Bg7 Ke6 30. Bxf6 Rg8 31. Nxe5 Nd4 32. Rxc5 Bxc5 33. Nd7 1-0

[Event "St Louis Spring A TB"]
[Site "Saint Louis USA"]
[Date "2023.04.13"]
[Round "2"]
[White "Bok, B."]
[Black "Quesada Perez, Ya"]
[Result "1-0"]
[WhiteElo "2607"]
[BlackElo "2601"]
[PlyCount "141"]
[EventDate "2023.04.13"]
[EventType "k.o."]

1. Nf3 Nf6 2. g3 d5 3. Bg2 Bf5 4. O-O e6 5. c4 c6 6. Qb3 Qb6 7. d3 h6 8. Be3 Qxb3 9. axb3 a6 10. Bd2 Nbd7 11. Bc3 Bh7 12. Nbd2 Bd6 $146 ({RR} 12... Be7 13. b4 O-O 14. Nb3 dxc4 15. dxc4 Ne4 16. Na5 Nxc3 17. bxc3 Bf6 18. Rac1 c5 19. Rfd1 Nb6 20. Nxb7 Nxc4 21. Nxc5 a5 22. Nd4 Rac8 23. Nd7 Nb2 24. Rd2 axb4 25. Nxf6+ gxf6 26. Rxb2 bxc3 27. Rb3 {Vastrukhin,O (2401)-Wadsworth,M (2416) Chess.com INT 2021 1-0 (34)}) 13. b4 O-O 14. Nb3 Rab8 15. Rfc1 Rfd8 16. Na5 dxc4 17. dxc4 Ne4 18. Be1 Be7 19. Rd1 Bf6 20. Nd4 c5 21. bxc5 Ndxc5 22. e3 e5 23. Ne2 Rxd1 24. Rxd1 Rd8 25. Rxd8+ Bxd8 26. Nc1 b6 27. Nc6 Bc7 28. b4 Na4 29. Ne7+ Kf8 30. Nd5 Bd8 31. Kf1 Nb2 32. c5 bxc5 33. bxc5 Nf6 34. c6 Nxd5 35. Bxd5 Nd3 36. Nxd3 Bxd3+ 37. Kg2 a5 38. Bc3 Bc7 39. Bb2 Bd6 40. f4 f6 41. fxe5 fxe5 42. Bc3 a4 43. Ba5 Ke7 44. c7 Ba6 45. Kf3 a3 46. Ke4 Kd7 47. Kf5 Bxc7 48. Bc3 Bd3+ 49. e4 Bb1 50. Kg6 Kd6 51. Bb4+ Kd7 52. Bxa3 Bb6 53. Kxg7 Be3 54. Bb2 Kd6 55. Kf6 Bd4 56. Ba3+ Kd7 57. Bc1 h5 58. Kg5 Ke7 59. Ba3+ Kd7 60. Kxh5 Bg1 61. h4 Bd3 62. g4 Be2 63. Kg5 Be3+ 64. Kf5 Bf4 65. g5 Bf1 66. g6 Bh6 67. Kf6 Bh3 68. g7 Bxg7+ 69. Kxg7 Kc7 70. h5 Kb6 71. h6 1-0

[Event "St Louis Spring A TB"]
[Site "Saint Louis USA"]
[Date "2023.04.13"]
[Round "3"]
[White "Bok, B."]
[Black "Sevian, Samuel"]
[Result "1-0"]
[WhiteElo "2607"]
[BlackElo "2684"]
[PlyCount "87"]
[EventDate "2023.04.13"]
[EventType "k.o."]

1. Nf3 d5 2. e3 c5 3. b3 a6 4. Bb2 Nc6 5. d4 Nf6 6. dxc5 e6 7. a3 Bxc5 8. Nbd2 ({RR} 8. b4 Ba7 9. Nbd2 O-O 10. c4 dxc4 11. Nxc4 b5 12. Nd6 Bd7 13. Bd3 Qe7 14. O-O Nd5 15. Ne4 Rfd8 16. Rc1 Be8 17. Qe2 h6 18. Rfd1 Rac8 19. h3 Bb6 20. Ng3 Nf6 21. Bb1 Rxd1+ 22. Rxd1 Rd8 {Carlsen,M (2852)-Vidit,S (2730) chess.com INT 2023 0-1 (58)}) ({RR} 8. c4 O-O 9. Nbd2 Qe7 10. b4 Ba7 11. Bd3 Rd8 12. Qb1 h6 13. O-O e5 14. cxd5 Rxd5 15. Ne4 Bg4 16. Bc4 Rd7 17. Ng3 Rad8 18. Nh4 Rd1 19. Qg6 Kf8 20. Raxd1 Bxd1 21. Ngf5 fxg6 22. Nxg6+ Ke8 {Kourkoulos Arditis,S (2580)-Diao,M (2192) chess.com INT 2025 1-0}) 8... O-O 9. b4 Be7 $146 ({RR} 9... Ba7 10. Be2 Re8 11. c4 e5 12. cxd5 Nxd5 13. Ne4 Bf5 14. Ng3 Bg4 15. h3 Be6 16. O-O Qe7 17. Rc1 Rad8 18. Qc2 f6 19. Kh1 Qf7 20. Qb1 Nde7 21. Ne4 Kh8 22. Nc5 Bf5 23. Qa1 Bxc5 24. Rxc5 {Santos Latasa,J (2680)-Fedoseev,V (2685) Toledo 2022 ½-½ (54)}) 10. Bd3 b6 11. O-O Bb7 12. Qe2 b5 13. e4 Rc8 14. Rfe1 Qb6 15. exd5 Nxd5 16. Qe4 g6 17. c4 bxc4 18. Nxc4 Qd8 19. Rad1 Bf6 20. Bxf6 Qxf6 21. Rc1 Rfd8 22. Bf1 Nde7 23. Nfe5 Na5 24. Qe3 Nxc4 25. Nxc4 Bd5 26. Nb6 Rxc1 27. Rxc1 Qb2 28. Na4 Qf6 29. Nc5 Nf5 30. Qc3 Qg5 31. Rd1 Rc8 32. Qe5 a5 33. Nd7 Bb3 34. Nf6+ Qxf6 35. Qxf6 Bxd1 36. bxa5 Bb3 37. g4 Nd6 38. Qe7 Rc6 39. a6 Kg7 40. a7 Nc8 41. Qb7 Nxa7 42. Qxb3 Rd6 43. Qc3+ Kg8 44. Qc7 1-0

[Event "Titled Tue 11th Apr Early"]
[Site "chess.com INT"]
[Date "2023.04.11"]
[Round "5"]
[White "Andreikin, D."]
[Black "Rodshtein, M."]
[Result "1-0"]
[WhiteElo "2729"]
[BlackElo "2606"]
[PlyCount "119"]
[EventDate "2023.04.11"]

1. Nf3 d5 2. e3 Nf6 3. c4 e6 4. d4 b6 5. Nc3 Bb7 6. cxd5 exd5 7. Bb5+ Nbd7 8. Ne5 ({RR} 8. Bd3 Bd6 9. O-O O-O 10. h3 Ne4 11. Qc2 f5 12. Bd2 a6 13. Rac1 Qf6 14. Ne2 Qh6 15. a3 Rae8 16. Bb4 c5 17. dxc5 bxc5 18. Bd2 g5 19. b4 g4 20. Bxe4 fxe4 21. Nh2 gxh3 22. g3 Qh5 {Hansen,E (2609)-Tang,A (2523) chess.com INT 2023 0-1 (60)}) 8... a6 9. Bd3 $146 ({RR} 9. Bc6 Bxc6 10. Nxc6 Qc8 11. Qf3 Bd6 12. Nxd5 Nxd5 13. Qxd5 Nf6 14. Qf3 Qe6 15. Bd2 Ne4 16. Bb4 O-O 17. Bxd6 cxd6 18. d5 Qe8 19. Rd1 f5 20. O-O g5 21. Qe2 Rf6 22. f3 Nc5 23. b4 Nd7 {Wojtaszek,R (2725)-Ganguly,S (2633) Moscow 2019 1-0 (32)}) 9... Nxe5 10. dxe5 Nd7 11. e6 fxe6 12. Qh5+ Ke7 13. e4 g6 14. Bg5+ Ke8 15. Qh4 Be7 16. f4 d4 17. Ne2 Nc5 18. O-O-O Nxd3+ 19. Rxd3 c5 20. Ng3 Bxg5 21. fxg5 Qc7 22. Rf1 Rf8 23. Rf6 Rxf6 24. gxf6 e5 25. f7+ Qxf7 26. Rf3 Qe7 27. Qh6 Kd7 28. h4 c4 29. h5 Rg8 30. hxg6 hxg6 31. Qh3+ Kc7 32. Qh6 b5 33. Rf2 b4 34. Nf1 c3 35. Ng3 d3 36. Qe3 d2+ 37. Kc2 Rd8 38. Rf1 cxb2 39. Rd1 Qd6 40. Nf1 Qd4 41. Qxd4 Rxd4 42. Kxb2 Bxe4 43. Nxd2 Bxg2 44. Rc1+ Kd7 45. Nc4 Ke6 46. Ne3 Be4 47. Rc5 Rd3 48. Nc4 Rd5 49. Rc6+ Kf5 50. Ne3+ Kg5 51. Nxd5 Bxd5 52. Rxa6 e4 53. Ra5 Kf4 54. Rxd5 g5 55. Kc2 g4 56. Kd2 g3 57. Ke2 Kg4 58. Rd4 Kh3 59. Rxe4 g2 60. Kf2 1-0

[Event "Titled Tue 11th Apr Early"]
[Site "chess.com INT"]
[Date "2023.04.11"]
[Round "8"]
[White "Svane, R."]
[Black "Rodshtein, M."]
[Result "1-0"]
[WhiteElo "2621"]
[BlackElo "2606"]
[PlyCount "103"]
[EventDate "2023.04.11"]

1. Nf3 g6 2. e4 Bg7 3. d4 d6 4. Bd3 Nf6 5. O-O O-O 6. h3 Nc6 7. d5 Nb4 8. c4 ({RR} 8. Re1 Nxd3 9. Qxd3 e5 10. dxe6 Bxe6 11. Nc3 Re8 12. Be3 h6 13. Rad1 Qc8 14. Bd4 Kh7 15. a3 a6 16. Ne2 b5 17. b3 Rd8 18. Nf4 c5 19. Bxf6 Bxf6 20. Nd5 Bxd5 21. Qxd5 Ra7 22. c4 bxc4 {Svane,R (2637)-Srihari,L (2469) chess.com INT 2024 1-0 (67)}) 8... e5 9. dxe6 Bxe6 10. Nc3 $146 ({RR} 10. Nd4 Nxd3 11. Qxd3 Nd7 12. Nxe6 fxe6 13. Nc3 Qh4 14. Be3 Ne5 15. Qe2 Rf3 16. Nb1 Rf7 17. Nd2 g5 18. f3 Ng6 19. Nb3 b6 20. Qf2 Qh6 21. Bd4 Raf8 22. Bxg7 Qxg7 23. Nd4 Nf4 24. Rad1 h5 {Arjun,K (2370)-Asis Gargatagli,H (2538) Montcada 2018 ½-½}) 10... c5 11. Bf4 Qb6 12. Be2 Rad8 13. Qd2 Rfe8 14. Rfe1 Nc6 15. Rad1 Ne5 16. b3 Nfd7 17. Bg5 Ra8 18. Nb5 Nxf3+ 19. Bxf3 Ne5 20. Qxd6 Nxf3+ 21. gxf3 h6 22. Be3 Qa5 23. Qd2 Qxd2 24. Rxd2 Bxh3 25. Bxc5 b6 26. Bd4 Bf8 27. Nc7 Bb4 28. Red1 Bxd2 29. Rxd2 Rad8 30. Nxe8 Rxe8 31. Kh2 Be6 32. Bf6 g5 33. Kg3 Kh7 34. f4 gxf4+ 35. Kxf4 Rg8 36. f3 h5 37. Rh2 Kh6 38. Ke5 Rg3 39. f4 Bg4 40. f5 Re3 41. Kd4 Re1 42. b4 Rd1+ 43. Ke5 Rc1 44. Kd5 Rd1+ 45. Bd4 Bf3 46. c5 bxc5 47. bxc5 Kg5 48. c6 Kf4 49. Rh4+ Kg3 50. c7 Rc1 51. Bc5 Rd1+ 52. Ke5 1-0

[Event "Titled Tue 11th Apr Early"]
[Site "chess.com INT"]
[Date "2023.04.11"]
[Round "9"]
[White "Narayanan, Sri"]
[Black "Hakobyan, Aram"]
[Result "1-0"]
[WhiteElo "2559"]
[BlackElo "2608"]
[PlyCount "93"]
[EventDate "2023.04.11"]

1. Nf3 g6 2. d4 Bg7 3. c4 Nf6 4. g3 d6 5. Bg2 O-O 6. Nc3 Bf5 7. Nh4 Bc8 8. O-O a5 9. e4 ({RR} 9. b3 Nbd7 10. Ba3 e5 11. dxe5 Nxe5 12. Qc2 Nc6 13. Rad1 Bd7 14. h3 Re8 15. Kh2 Nb4 16. Qd2 Bc6 17. Bb2 Na6 18. Nd5 Nc5 19. Qc2 Nxd5 20. cxd5 Bb5 21. Rfe1 Bxb2 22. Qxb2 a4 23. Nf3 axb3 {So,W (2757)-Praggnanandhaa,R (2747) Bucharest ROU 2024 ½-½ (49)}) ({RR} 9. Nf3) ({RR} 9. h3 Nc6 10. Nf3 Bf5 11. Nh4 Bd7 12. Nf3 Re8 13. b3 Qc8 14. Kh2 e5 15. dxe5 dxe5 16. Bb2 e4 17. Ne1 h5 18. Nc2 Ne5 19. Ne3 c6 20. Qd2 h4 21. Rad1 Bh6 22. Na4 hxg3+ 23. Kg1 Qc7 {Bok,B (2607)-Hakobyan,A (2620) Saint Louis USA 2023 0-1 (52)}) 9... Nc6 $146 ({RR} 9... e5 10. Nf3 Nc6 11. h3 Re8 12. Be3 exd4 13. Nxd4 Ne5 14. b3 Bd7 15. Qc2 Qc8 16. Kh2 a4 17. Rad1 axb3 18. axb3 h5 19. Bg5 Nh7 20. Be3 h4 21. g4 Bxg4 22. hxg4 Nxg4+ 23. Kg1 h3 24. Bf3 {Sethuraman,S (2376)-Dubov,D (2701) chess.com INT 2024 0-1 (62)}) 10. Nf3 Bg4 11. Be3 Nd7 12. Qd2 Bxf3 13. Bxf3 e5 14. dxe5 dxe5 15. Nb5 Nd4 16. Bg2 Nc5 17. Rfd1 Nce6 18. Bh6 c6 19. Nc3 Qf6 20. Bxg7 Kxg7 21. Rac1 Rfd8 22. Qe3 a4 23. h4 h5 24. Rd2 Rd6 25. Rcd1 a3 26. bxa3 Qd8 27. f4 Rxa3 28. f5 Rxc3 29. Qxc3 Ne2+ 30. Kh2 Nxc3 31. Rxd6 Qf8 32. R1d3 Nd4 33. Rd7 Qc8 34. Bh3 Qe8 35. Rxc3 Kh6 36. fxg6 fxg6 37. Rxb7 Qf8 38. Rb2 Qf6 39. Bg2 Qe7 40. a4 Qc5 41. Ra2 Qa5 42. Rc1 g5 43. hxg5+ Kxg5 44. c5 h4 45. gxh4+ Kxh4 46. Ra3 Qd2 47. Rf1 1-0